| 000 | 00721cam a2200253 4500500 | ||
|---|---|---|---|
| 005 | 20260405003204.0 | ||
| 041 | _afre | ||
| 042 | _adc | ||
| 100 | 1 | 0 |
_aN’Diaye, Aïda _eauthor |
| 245 | 0 | 0 | _aD’ailleurs, la révélation |
| 260 | _c2020. | ||
| 500 | _a74 | ||
| 690 | _aCatholicisme | ||
| 690 | _achristianisme | ||
| 690 | _aFoi | ||
| 690 | _aJean-Luc Marion | ||
| 690 | _aMétaphysique | ||
| 690 | _aPhénoménologie | ||
| 690 | _aRationalité | ||
| 690 | _aRévélation | ||
| 690 | _aThéologie | ||
| 786 | 0 | _nPhilosophie magazine | 145 | 1 | 2020-12-01 | p. 80-80 | 1951-1787 | |
| 856 | 4 | 1 | _uhttps://shs.cairn.info/magazine-philosophie-magazine-2020-12-1-page-80?lang=fr&redirect-ssocas=7080 |
| 999 |
_c2065156 _d2065156 |
||